A call to liberation (Record no. 167306)
[ view plain ]
| 000 -LEADER | |
|---|---|
| fixed length control field | 00434nam a22001457a 4500 |
| 008 - FIXED-LENGTH DATA ELEMENTS--GENERAL INFORMATION | |
| fixed length control field | 190827b ||||| |||| 00| 0 eng d |
| 020 ## - INTERNATIONAL STANDARD BOOK NUMBER | |
| International Standard Book Number | 81-7052-137-8 |
| 040 ## - CATALOGING SOURCE | |
| Original cataloging agency | DPl |
| Language of cataloging | ENGLISH |
| 050 ## - LIBRARY OF CONGRESS CALL NUMBER | |
| DPL Classification number | 181.41 CHI |
| 100 ## - MAIN ENTRY--PERSONAL NAME | |
| Personal name | By Chindananda, Swami |
| 245 ## - TITLE STATEMENT | |
| Title | A call to liberation |
| Statement of responsibility, etc | Swami Chidananda |
| 260 ## - PUBLICATION, DISTRIBUTION, ETC. (IMPRINT) | |
| Place of publication, distribution, etc | Swami Krishnanada |
| Name of publisher, distributor, etc | Shivanandanagar |
| Date of publication, distribution, etc | 1997 |
| 300 ## - PHYSICAL DESCRIPTION | |
| Extent | 483p. |
| Other physical details | 25 cm. |
| 942 ## - ADDED ENTRY ELEMENTS (KOHA) | |
| Source of classification or shelving scheme | Dewey Decimal Classification |
| Item type | English Books |
| Classification part | 181.41 |
| Call number suffix | CHI |
| Withdrawn status | Lost status | Source of classification or shelving scheme | Damaged status | Not for loan | Collection code | Home library | Current library | Date acquired | Source of acquisition | Cost, normal purchase price | Total Checkouts | Full call number | Barcode | Date last seen | Cost, replacement price | Koha item type |
|---|---|---|---|---|---|---|---|---|---|---|---|---|---|---|---|---|
| Dewey Decimal Classification | Non-fiction | Kadipur | Kadipur | 27/08/2019 | BPPD/PUB | 0.00 | 181.41 CHI | A-940624 | 27/08/2019 | 0.00 | English Books |
